Celebrating Chinese new year : (Record no. 9384)
[ view plain ]
| 000 -LEADER | |
|---|---|
| fixed length control field | 01015nam a22003017a 4500 |
| 001 - CONTROL NUMBER | |
| control field | 9384 |
| 003 - CONTROL NUMBER IDENTIFIER | |
| control field | FISKH |
| 005 - DATE AND TIME OF LATEST TRANSACTION | |
| control field | 20251216162234.0 |
| 008 - FIXED-LENGTH DATA ELEMENTS--GENERAL INFORMATION | |
| fixed length control field | 251216b cb ||||| |||| 00| 0 eng d |
| 020 ## - INTERNATIONAL STANDARD BOOK NUMBER | |
| International Standard Book Number | 9781574715699 |
| 040 ## - CATALOGING SOURCE | |
| Original cataloging agency | FISKH |
| Language of cataloging | eng |
| Transcribing agency | FISKH |
| Modifying agency | FISKH |
| 050 ## - LIBRARY OF CONGRESS CALL NUMBER | |
| Classification number | GT4905.D74 |
| 082 ## - DEWEY DECIMAL CLASSIFICATION NUMBER | |
| Classification number | 394.261 |
| 100 ## - MAIN ENTRY--PERSONAL NAME | |
| Personal name | Drew, Rosa |
| Relator term | Author |
| 245 ## - TITLE STATEMENT | |
| Title | Celebrating Chinese new year : |
| Remainder of title | Nick's new year / |
| Statement of responsibility, etc. | Written by Rosa Drew and Heather Phillips ; Illustrated by Cheryl Kirk Noll |
| 260 ## - PUBLICATION, DISTRIBUTION, ETC. | |
| Place of publication, distribution, etc. | Huntington Beach : |
| Name of publisher, distributor, etc. | Creative Teaching Press , |
| Date of publication, distribution, etc. | 1999 |
| 300 ## - PHYSICAL DESCRIPTION | |
| Extent | 16 pages : |
| Other physical details | color illustrations ; |
| Dimensions | 16 x 23 cm |
| 490 ## - SERIES STATEMENT | |
| Series statement | Learn to read, read to learn : |
| Volume/sequential designation | Holiday |
| 505 ## - FORMATTED CONTENTS NOTE | |
| Formatted contents note | J<br/> |
| 520 ## - SUMMARY, ETC. | |
| Summary, etc. | Nick, a Chinese-American boy, prepares for the Chinese new year with his family. |
| 521 8# - TARGET AUDIENCE NOTE | |
| Target audience note | 450<br/> |
| Source | Lexile estimate<br/> |
| 521 8# - TARGET AUDIENCE NOTE | |
| Target audience note | J<br/> |
| Source | Raz-Plus<br/> |
| 650 ## - SUBJECT ADDED ENTRY--TOPICAL TERM | |
| Topical term or geographic name entry element | Holidays |
| Form subdivision | Seasonal |
| 650 ## - SUBJECT ADDED ENTRY--TOPICAL TERM | |
| Topical term or geographic name entry element | Traditions |
| Form subdivision | Chinese |
| 700 ## - ADDED ENTRY--PERSONAL NAME | |
| Personal name | Noll, Cheryl Kirk |
| Relator term | Illustrator |
| 942 ## - ADDED ENTRY ELEMENTS (KOHA) | |
| Source of classification or shelving scheme | Dewey Decimal Classification |
| Koha item type | Books |
| Suppress in OPAC | No |
| Withdrawn status | Lost status | Source of classification or shelving scheme | Damaged status | Not for loan | Collection | Home library | Current library | Shelving location | Date acquired | Total Checkouts | Full call number | Barcode | Date due | Date last seen | Date last checked out | Copy number | Price effective from | Koha item type |
|---|---|---|---|---|---|---|---|---|---|---|---|---|---|---|---|---|---|---|
| Dewey Decimal Classification | Non-Fiction | Footprints International School Library Network Toul Tom Poung Campus | Footprints International School Library Network Toul Tom Poung Campus | TTP Primary Dark Blue Bookshelves | 12/16/2025 | 1 | DRE 394.261 GT4905.D74 | FISTK01498 | 01/01/2026 | 12/18/2025 | 12/18/2025 | 1 | 12/16/2025 | Books |
